<?xml version="1.0" encoding="UTF-8"?>
<record
    xmlns:xsi="http://www.w3.org/2001/XMLSchema-instance"
    xsi:schemaLocation="http://www.loc.gov/MARC21/slim http://www.loc.gov/standards/marcxml/schema/MARC21slim.xsd"
    xmlns="http://www.loc.gov/MARC21/slim">

  <leader>02271nam a22002297a 4500</leader>
  <datafield tag="999" ind1=" " ind2=" ">
    <subfield code="c">97847</subfield>
    <subfield code="d">97847</subfield>
  </datafield>
  <controlfield tag="003">NALT</controlfield>
  <controlfield tag="005">20260206100003.0</controlfield>
  <controlfield tag="008">201208b        th ||||| ||||o00| 0 tha d</controlfield>
  <datafield tag="040" ind1=" " ind2=" ">
    <subfield code="a">NALT</subfield>
  </datafield>
  <datafield tag="086" ind1=" " ind2=" ">
    <subfield code="a">&#xE2A;&#xE27; 09 7.3 384.5 2563</subfield>
  </datafield>
  <datafield tag="110" ind1="2" ind2=" ">
    <subfield code="a">&#xE2A;&#xE33;&#xE19;&#xE31;&#xE01;&#xE07;&#xE32;&#xE19;&#xE40;&#xE25;&#xE02;&#xE32;&#xE18;&#xE34;&#xE01;&#xE32;&#xE23;&#xE27;&#xE38;&#xE12;&#xE34;&#xE2A;&#xE20;&#xE32;.</subfield>
    <subfield code="b">&#xE2A;&#xE33;&#xE19;&#xE31;&#xE01;&#xE01;&#xE23;&#xE23;&#xE21;&#xE32;&#xE18;&#xE34;&#xE01;&#xE32;&#xE23; 1</subfield>
    <subfield code="9">2441</subfield>
  </datafield>
  <datafield tag="245" ind1="1" ind2="0">
    <subfield code="a">&#xE23;&#xE32;&#xE22;&#xE07;&#xE32;&#xE19;&#xE01;&#xE32;&#xE23;&#xE1E;&#xE34;&#xE08;&#xE32;&#xE23;&#xE13;&#xE32;&#xE28;&#xE36;&#xE01;&#xE29;&#xE32;&#xE23;&#xE48;&#xE32;&#xE07;&#xE1E;&#xE23;&#xE30;&#xE23;&#xE32;&#xE0A;&#xE1A;&#xE31;&#xE0D;&#xE0D;&#xE31;&#xE15;&#xE34;&#xE2D;&#xE07;&#xE04;&#xE4C;&#xE01;&#xE23;&#xE08;&#xE31;&#xE14;&#xE2A;&#xE23;&#xE23;&#xE04;&#xE25;&#xE37;&#xE48;&#xE19;&#xE04;&#xE27;&#xE32;&#xE21;&#xE16;&#xE35;&#xE48;&#xE41;&#xE25;&#xE30;&#xE01;&#xE33;&#xE01;&#xE31;&#xE1A;&#xE01;&#xE32;&#xE23;&#xE1B;&#xE23;&#xE30;&#xE01;&#xE2D;&#xE1A;&#xE01;&#xE34;&#xE08;&#xE01;&#xE32;&#xE23;&#xE27;&#xE34;&#xE17;&#xE22;&#xE38;&#xE01;&#xE23;&#xE30;&#xE08;&#xE32;&#xE22;&#xE40;&#xE2A;&#xE35;&#xE22;&#xE07; &#xE27;&#xE34;&#xE17;&#xE22;&#xE38;&#xE42;&#xE17;&#xE23;&#xE17;&#xE31;&#xE28;&#xE19;&#xE4C; &#xE41;&#xE25;&#xE30;&#xE01;&#xE34;&#xE08;&#xE01;&#xE32;&#xE23;&#xE42;&#xE17;&#xE23;&#xE04;&#xE21;&#xE19;&#xE32;&#xE04;&#xE21; (&#xE09;&#xE1A;&#xE31;&#xE1A;&#xE17;&#xE35;&#xE48; ..) &#xE1E;.&#xE28;. .... (&#xE15;&#xE32;&#xE21;&#xE02;&#xE49;&#xE2D;&#xE1A;&#xE31;&#xE07;&#xE04;&#xE31;&#xE1A;&#xE01;&#xE32;&#xE23;&#xE1B;&#xE23;&#xE30;&#xE0A;&#xE38;&#xE21;&#xE27;&#xE38;&#xE12;&#xE34;&#xE2A;&#xE20;&#xE32; &#xE1E;.&#xE28;. 2562 &#xE02;&#xE49;&#xE2D; 119) &#xE02;&#xE2D;&#xE07; &#xE04;&#xE13;&#xE30;&#xE01;&#xE23;&#xE23;&#xE21;&#xE32;&#xE18;&#xE34;&#xE01;&#xE32;&#xE23;&#xE01;&#xE32;&#xE23;&#xE40;&#xE17;&#xE04;&#xE42;&#xE19;&#xE42;&#xE25;&#xE22;&#xE35;&#xE2A;&#xE32;&#xE23;&#xE2A;&#xE19;&#xE40;&#xE17;&#xE28; &#xE01;&#xE32;&#xE23;&#xE2A;&#xE37;&#xE48;&#xE2D;&#xE2A;&#xE32;&#xE23; &#xE41;&#xE25;&#xE30;&#xE01;&#xE32;&#xE23;&#xE42;&#xE17;&#xE23;&#xE04;&#xE21;&#xE19;&#xE32;&#xE04;&#xE21; &#xE27;&#xE38;&#xE12;&#xE34;&#xE2A;&#xE20;&#xE32; /</subfield>
    <subfield code="c">&#xE2A;&#xE33;&#xE19;&#xE31;&#xE01;&#xE01;&#xE23;&#xE23;&#xE21;&#xE32;&#xE18;&#xE34;&#xE01;&#xE32;&#xE23; 1 &#xE2A;&#xE33;&#xE19;&#xE31;&#xE01;&#xE07;&#xE32;&#xE19;&#xE40;&#xE25;&#xE02;&#xE32;&#xE18;&#xE34;&#xE01;&#xE32;&#xE23;&#xE27;&#xE38;&#xE12;&#xE34;&#xE2A;&#xE20;&#xE32;.</subfield>
  </datafield>
  <datafield tag="260" ind1=" " ind2=" ">
    <subfield code="a">&#xE01;&#xE23;&#xE38;&#xE07;&#xE40;&#xE17;&#xE1E;&#xE2F; :</subfield>
    <subfield code="b">&#xE2A;&#xE33;&#xE19;&#xE31;&#xE01;&#xE01;&#xE23;&#xE23;&#xE21;&#xE32;&#xE18;&#xE34;&#xE01;&#xE32;&#xE23; 1 &#xE2A;&#xE33;&#xE19;&#xE31;&#xE01;&#xE07;&#xE32;&#xE19;&#xE40;&#xE25;&#xE02;&#xE32;&#xE18;&#xE34;&#xE01;&#xE32;&#xE23;&#xE27;&#xE38;&#xE12;&#xE34;&#xE2A;&#xE20;&#xE32;, </subfield>
    <subfield code="c">2563.</subfield>
  </datafield>
  <datafield tag="300" ind1=" " ind2=" ">
    <subfield code="a">15 &#xE2B;&#xE19;&#xE49;&#xE32; :</subfield>
    <subfield code="b">&#xE15;&#xE32;&#xE23;&#xE32;&#xE07; ;</subfield>
    <subfield code="c">30 &#xE0B;&#xE21;.</subfield>
  </datafield>
  <datafield tag="610" ind1="2" ind2="0">
    <subfield code="a">&#xE04;&#xE13;&#xE30;&#xE01;&#xE23;&#xE23;&#xE21;&#xE32;&#xE18;&#xE34;&#xE01;&#xE32;&#xE23;&#xE01;&#xE32;&#xE23;&#xE40;&#xE17;&#xE04;&#xE42;&#xE19;&#xE42;&#xE25;&#xE22;&#xE35;&#xE2A;&#xE32;&#xE23;&#xE2A;&#xE19;&#xE40;&#xE17;&#xE28; &#xE01;&#xE32;&#xE23;&#xE2A;&#xE37;&#xE48;&#xE2D;&#xE2A;&#xE32;&#xE23; &#xE41;&#xE25;&#xE30;&#xE01;&#xE32;&#xE23;&#xE42;&#xE17;&#xE23;&#xE04;&#xE21;&#xE19;&#xE32;&#xE04;&#xE21; &#xE27;&#xE38;&#xE12;&#xE34;&#xE2A;&#xE20;&#xE32;</subfield>
    <subfield code="x">&#xE23;&#xE32;&#xE22;&#xE07;&#xE32;&#xE19;</subfield>
    <subfield code="9">49023</subfield>
  </datafield>
  <datafield tag="650" ind1=" " ind2="4">
    <subfield code="9">15441</subfield>
    <subfield code="a">&#xE04;&#xE25;&#xE37;&#xE48;&#xE19;&#xE04;&#xE27;&#xE32;&#xE21;&#xE16;&#xE35;&#xE48;&#xE27;&#xE34;&#xE17;&#xE22;&#xE38;</subfield>
  </datafield>
  <datafield tag="710" ind1="2" ind2=" ">
    <subfield code="a">&#xE04;&#xE13;&#xE30;&#xE01;&#xE23;&#xE23;&#xE21;&#xE32;&#xE18;&#xE34;&#xE01;&#xE32;&#xE23;&#xE01;&#xE32;&#xE23;&#xE40;&#xE17;&#xE04;&#xE42;&#xE19;&#xE42;&#xE25;&#xE22;&#xE35;&#xE2A;&#xE32;&#xE23;&#xE2A;&#xE19;&#xE40;&#xE17;&#xE28; &#xE01;&#xE32;&#xE23;&#xE2A;&#xE37;&#xE48;&#xE2D;&#xE2A;&#xE32;&#xE23; &#xE41;&#xE25;&#xE30;&#xE01;&#xE32;&#xE23;&#xE42;&#xE17;&#xE23;&#xE04;&#xE21;&#xE19;&#xE32;&#xE04;&#xE21; &#xE27;&#xE38;&#xE12;&#xE34;&#xE2A;&#xE20;&#xE32;.</subfield>
    <subfield code="9">46331</subfield>
  </datafield>
  <datafield tag="850" ind1=" " ind2=" ">
    <subfield code="a">NALT</subfield>
  </datafield>
  <datafield tag="942" ind1=" " ind2=" ">
    <subfield code="c">PAR</subfield>
    <subfield code="2">local</subfield>
  </datafield>
  <datafield tag="998" ind1=" " ind2=" ">
    <subfield code="a">bijaya</subfield>
    <subfield code="c">DAO</subfield>
    <subfield code="j">1020</subfield>
    <subfield code="k"> &#xE19;&#xE32;&#xE07;&#xE08;&#xE33;&#xE40;&#xE23;&#xE35;&#xE22;&#xE07;  &#xE23;&#xE30;&#xE27;&#xE31;&#xE07;&#xE2A;&#xE33;&#xE42;&#xE23;&#xE07;</subfield>
  </datafield>
  <datafield tag="952" ind1=" " ind2=" ">
    <subfield code="0">0</subfield>
    <subfield code="1">0</subfield>
    <subfield code="2">local</subfield>
    <subfield code="4">0</subfield>
    <subfield code="7">0</subfield>
    <subfield code="8">CPARPUB</subfield>
    <subfield code="a">NALT</subfield>
    <subfield code="b">NALT</subfield>
    <subfield code="c">PARPUB</subfield>
    <subfield code="d">2020-12-08</subfield>
    <subfield code="o">&#xE2A;&#xE27; 09 7.3 384.5 2563</subfield>
    <subfield code="p">3961211640</subfield>
    <subfield code="r">2020-12-17 00:00:00</subfield>
    <subfield code="w">2020-12-08</subfield>
    <subfield code="y">PAR</subfield>
  </datafield>
</record>
